Welche Länder erzielten die meisten WM Tore? (1930 - 2022) - Statistiken

Allgemein
  • Dieses Quiz wurde 92 mal gespielt
  • Das Durchschnittsergebnis liegt bei 22 aus 25
Antwortstatistiken
Toranzahl ⚽️ Land 🏴 % Korrekt
237 Brasilien
100%
232 Deutschland
100%
136 Frankreich
99%
128 Italien
99%
108 Spanien
99%
152 Argentinien
98%
77 Russland
98%
89 Uruguay
95%
40 USA
95%
104 England
94%
61 Portugal
93%
96 Niederlande
92%
55 Schweiz
91%
69 Belgien
89%
62 Mexiko
89%
80 Schweden
89%
49 Polen
88%
87 Ungarn
86%
40 Chile
81%
43 Österreich
81%
43 Kroatien
80%
39 Dänemark
79%
47 Tschechien
78%
71 Serbien
73%
49 Slowakei
52%
Keine übereinstimmenden Quizze gefunden
Verteilung der Resultate
Anzahl Personen mit jedem Resultat
Perzentil nach korrekt beantworteten Fragen
Ihre Resultats-Entwicklung
Sie haben dieses Quiz noch nicht gespielt